The digital university : reinventing the academy
Αποθηκεύτηκε σε:
| Άλλοι συγγραφείς: | , , |
|---|---|
| Μορφή: | Βιβλίο |
| Γλώσσα: | English |
| Δημοσίευση: |
London :
Springer,
c1998.
|
| Σειρά: | Computer supported cooperative work
|
| Θέματα: | |
| Ετικέτες: |
Προσθήκη ετικέτας
Δεν υπάρχουν, Καταχωρήστε ετικέτα πρώτοι!
|
MARC
| LEADER | 00000cam a2200000 i 4500 | ||
|---|---|---|---|
| 001 | 1/16826 | ||
| 008 | 010206s1998 enk ||| | eng|| | ||
| 020 | |a 1852330031 | ||
| 035 | |l 10065916 | ||
| 040 | |a GR-MyUA |b gre |e AACR2 | ||
| 041 | 0 | |a eng | |
| 082 | 0 | |a 378.00285 |2 (21) | |
| 245 | 1 | 4 | |a The digital university : |b reinventing the academy / |c Reza Hazemi, Stephen Hailes and Steve Wilbur, (Eds.). |
| 260 | |a London : |b Springer, |c c1998. | ||
| 300 | |a xix, 307 σ. : |b εικ. ; |c 24 εκ. | ||
| 490 | 1 | |a (Computer supported cooperative work) | |
| 504 | |a Περιέχει βιβλιογραφικές αναφορές και ευρετήριο. | ||
| 650 | 0 | 0 | |a Education, Higher |z Great Britain |x Data processing. |
| 650 | 0 | 0 | |a University cooperation |z Great Britain. |
| 650 | 0 | 0 | |a Education, Higher |x Effect of technological innovations on |z Great Britain. |
| 650 | 0 | 0 | |a Internet in education |z Great Briatain. |
| 650 | 0 | 0 | |a Computer-assisted instruction |z Great Britain. |
| 650 | 0 | 0 | |a Distance education |z Great Britain. |
| 700 | 1 | |a Hazemi, Reza |d 1966- |e edt | |
| 700 | 1 | |a Hailes, Stephen |d 1965- |e edt | |
| 700 | 1 | |a Wilbur, Steve |d 1944- |e edt | |
| 830 | 0 | |a Computer supported cooperative work | |
| 852 | |a INST |b SAMOS |e 20010206 |h 378.00285 DIG |p 005300018408 |q 005300018408 |t BK |y 23 | ||
| 852 | |a INST |b SAMOS |e 20010206 |h 378.00285 DIG |p 005300018409 |q 005300018409 |t BK |y 12 | ||
| 852 | |a INST |b SYROS |e 20010206 |h 378.00285 DIG |p 005500000200 |q 005500000200 |t BK |y 0 | ||
| 901 | |a BIBL3-2001-1 | ||
| 909 | |a Σ |b 081819 | ||
| 909 | |a Σ |b 081820 | ||
| 909 | |a Ε |b 081821 | ||
| 922 | |a 3ΕΛΗ |b 200002 |c ΤΠΕΣ/ΠΟΛ |d LEADER | ||
| 922 | |a 5ΕΛΗ |b 200002 |c ΤΠΕΣ/ΠΟΛ |d LEADER | ||
| 970 | |a ΠΟΥΡΝΑΡΑΣ |b ΔΗΜΗΤΡΗΣ |z 2001/02/06 | ||